Statystyki dla Najdłuższe granice według państwa #1

Kliknij tutaj aby rozwiązać quiz!

Ogólne statystyki

  • Ten quiz został rozwiązany 4 921 razy
  • Średni wynik to 20 z 24

Statystyki odpowiedzi

PaństwoNajdłuższa granicaDługość% Poprawnych
MeksykStany Zjednoczone3141 km
100%
HolandiaNiemcy577 km
98%
Francja
(europejska część)
Hiszpania623 km
97%
MonakoFrancja4,4 km
94%
PeruBrazylia1560 km
93%
ArgentynaChile5300 km
88%
FinlandiaRosja1340 km
88%
WłochySzwajcaria740 km
88%
BangladeszIndie4053 km
87%
CzechyNiemcy658 km
87%
KolumbiaWenezuela2050 km
87%
AfganistanPakistan2430 km
83%
Arabia SaudyjskaJemen1458 km
82%
GruzjaRosja723 km
81%
LaosWietnam2130 km
81%
LibiaEgipt1115 km
80%
TunezjaAlgieria965 km
79%
EgiptSudan1273 km
79%
HaitiDominikana360 km
78%
AlgieriaMaroko1559 km
77%
EtiopiaSomalia1600 km
71%
SyriaTurcja822 km
70%
Południowa AfrykaBotswana1840 km
68%
RwandaBurundi290 km
53%

Rozkład punktacji

Percentyl według liczby udzielonych odpowiedzi

Procent ludzi z każdym wynikiem

Twoja historia wyników

Nie rozwiązałeś tego quizu